[Event "SLO-chT1 West"]
[Site "Sentjur"]
[Date "2009.10.25"]
[Round "4"]
[White "Grobin, Blaz"]
[Black "Gazvoda, Franc"]
[Result "1/2-1/2"]
[WhiteElo "1604"]
[BlackElo "2030"]
[PlyCount "117"]
[EventDate "2009.10.22"]
[EventType "team-tourn"]
[EventRounds "9"]
[EventCountry "SLO"]
[SourceTitle "EXT 2010"]
[Source "ChessBase"]
[SourceDate "2010.11.25"]
[SourceVersion "1"]
[SourceVersionDate "2010.11.25"]
[SourceQuality "1"]

1. e4 c5 2. Nc3 Nc6 3. g3 e6 4. Bg2 g6 5. d3 Bg7 6. Be3 d6 7. Qd2 Nge7 8. f4 Nd4 9. Nf3 0-0 10. g4 d5 11. Bxd4 cxd4 12. Ne2 Qb6 13. Rb1 dxe4 14. dxe4 Rd8 15. Nc1 Bd7 16. Nd3 Rac8 17. 0-0 Bb5 18. Nfe1 Qa6 19. a3 Nc6 20. f5 exf5 21. gxf5 Ne5 22. Nxe5 Bxe5 23. Nd3 Qd6 24. Bh1 Rc7 25. Rf2 Bxd3 26. Qxd3 Bf4 27. Rg2 Be3+ 28. Kf1 Rdc8 29. c3 Qb6 30. Re2 Qd6 31. Rxe3 Qxh2 32. Rh3 Qf4+ 33. Qf3 Qe5 34. Rc1 d3 35. Rd1 Qb5 36. Rd2 Rd7 37. Qe3 h5 38. Bf3 Qe5 39. Rxd3 Rxd3 40. Qxd3 Qf4 41. fxg6 fxg6 42. Qd5+ Kh8 43. Qd4+ Kg8 44. Ke2 Rf8 45. e5 Qc1 46. Qd2 Qg1 47. Qh6 Rd8 48. Rh1 Qb6 49. Qc1 Qb5+ 50. Kf2 Qxe5 51. Qe3 Qf6 52. Rg1 Kh7 53. Qxa7 Rd2+ 54. Ke1 Rxb2 55. Qe3 Rb1+ 56. Bd1 Qh4+ 57. Rg3 Qh1+ 58. Rg1 Qh4+ 59. Rg3 1/2-1/2

[Event "SLO-ch U18"]
[Site "Murska Sobota"]
[Date "2006.03.01"]
[Round "4"]
[White "Grobin, Blaz"]
[Black "Ocepek, Martin"]
[Result "0-1"]
[WhiteElo "1621"]
[BlackElo "1955"]
[PlyCount "38"]
[EventDate "2006.02.26"]
[EventType "swiss"]
[EventRounds "7"]
[EventCountry "SLO"]
[SourceTitle "EXT 2009"]
[Source "ChessBase"]
[SourceDate "2008.11.26"]
[SourceVersion "1"]
[SourceVersionDate "2008.11.26"]
[SourceQuality "1"]

1. e4 e6 2. d4 d5 3. e5 c5 4. c3 Nc6 5. Nf3 Qb6 6. a3 a5 7. Bd3 Bd7 8. Bc2 f5 9. exf6 Nxf6 10. 0-0 Bd6 11. Re1 0-0 12. Qd3 c4 13. Qd1 Qc7 14. Ba4 Ng4 15. h3 Bh2+ 16. Kf1 Nxf2 17. Kxf2 Qg3+ 18. Kf1 Rxf3+ 19. gxf3 Qg1+ 0-1

[Event "SLO-ch U18"]
[Site "Murska Sobota"]
[Date "2006.02.26"]
[Round "1"]
[White "Grobin, Blaz"]
[Black "Budihna, Kristijan"]
[Result "0-1"]
[WhiteElo "1621"]
[BlackElo "2070"]
[PlyCount "46"]
[EventDate "2006.02.26"]
[EventType "swiss"]
[EventRounds "7"]
[EventCountry "SLO"]
[SourceTitle "EXT 2009"]
[Source "ChessBase"]
[SourceDate "2008.11.26"]
[SourceVersion "1"]
[SourceVersionDate "2008.11.26"]
[SourceQuality "1"]

1. e4 e5 2. Nf3 Nc6 3. Bc4 Bc5 4. c3 Nf6 5. d3 d6 6. 0-0 h6 7. h3 Bb6 8. Nbd2 0-0 9. Bb3 Be6 10. Re1 Ne7 11. Bxe6 fxe6 12. Nb3 Ng6 13. Be3 Qe7 14. Bxb6 axb6 15. d4 Rad8 16. Qc2 Nh5 17. dxe5 Rxf3 18. gxf3 Qg5+ 19. Kf1 Nhf4 20. Red1 Nxe5 21. Nd4 c5 22. Ne2 Qg2+ 23. Ke1 Nxf3# 0-1

[Event "SLO-ch U16"]
[Site "Celje"]
[Date "2004.02.22"]
[Round "2"]
[White "Grobin, Blaz"]
[Black "Skaza, Niko"]
[Result "1-0"]
[WhiteElo "1500"]
[BlackElo "1500"]
[PlyCount "45"]
[EventDate "2004.02.22"]
[EventType "swiss"]
[EventRounds "9"]
[EventCountry "SLO"]
[SourceTitle "EXT 2008"]
[Source "ChessBase"]
[SourceDate "2007.11.25"]
[SourceVersion "1"]
[SourceVersionDate "2007.11.25"]
[SourceQuality "1"]

1. e4 e5 2. Nf3 Nc6 3. d4 exd4 4. Bc4 Bb4+ 5. c3 dxc3 6. 0-0 cxb2 7. Bxb2 d6 8. Bxg7 Bg4 9. Bxh8 Nf6 10. a3 Bc5 11. Qb3 Na5 12. Qc3 Nxe4 13. Bxf7+ Kd7 14. Qxa5 Qxh8 15. Qa4+ c6 16. Nbd2 Nxd2 17. Qxg4+ Kc7 18. Nxd2 Bd4 19. Rab1 Bc3 20. Ba2 h5 21. Qg5 Bf6 22. Qa5+ Kd7 23. Rxb7+ 1-0

[Event "SLO-chT2"]
[Site "Slovenia"]
[Date "2003.10.17"]
[Round "8"]
[White "Grobin, Blaz"]
[Black "Lendero, Peter"]
[Result "0-1"]
[WhiteElo "1500"]
[BlackElo "1781"]
[PlyCount "40"]
[EventDate "2003.05.02"]
[EventType "team"]
[EventRounds "9"]
[EventCountry "SLO"]
[SourceTitle "EXT 2005"]
[Source "ChessBase"]
[SourceDate "2004.11.15"]
[SourceVersion "1"]
[SourceVersionDate "2004.11.15"]
[SourceQuality "1"]

1. e4 c6 2. d4 d5 3. exd5 cxd5 4. Nc3 Nf6 5. Bf4 Bg4 6. Be2 Bxe2 7. Ngxe2 Nc6 8. 0-0 e6 9. Rc1 Bb4 10. a3 Ba5 11. Na4 Nh5 12. Be3 Bc7 13. Qd2 Qh4 14. h3 f6 15. Nc5 Kf7 16. c3 g5 17. f3 Nf4 18. Bf2 Nxh3+ 19. gxh3 Qxh3 20. f4 gxf4 0-1